000 00802nam a22002413a 4500
001 30999
003 BD-RjUL
005 20211209051640.0
008 140413r19511938xx 001 0 und d
035 _a(BD-RjUL)31086
040 _aUkOxU
_beng
_cBD-RjUL
_dBD-RjUL
041 _aeng
082 _a370.15
_bBRC 1951
100 1 _aBrooks, Fowler D.
_q(Fowler Dell),
_d1885-
_994233
245 1 0 _aChild psychology /
_cby Fowler D. Brooks with the collaboration of Laurance F. Shaffer
260 _aBoston :
_bHoughton Mifflin,
_c1938 [printing 1951]
300 _axxvii, 600 p. :
_bill. ;
_c23 cm
504 _a"Additional references" p.559-581
504 _aIncludes index: p. 587-600; and glossary p.583-585
650 0 _aChild psychology
_994234
700 1 _aShaffer, L. F.
_994235
942 _2ddc
_cBK
999 _c30999
_d30999